Top business schools : the ultimate guide

Bibliographic Details
Main Authors: Stuart, Bruce S. (Author), Stuart, Kim D. (Author)
Format: Book
Published: New York : Prentice Hall , 1990
Subjects:

MARC

LEADER 00000cam a2200000 7i4500
001 0000002766
005 20090520093000.0
008 021118s1990
020 |a 0139499598 
090 0 0 |a HF1131   |b .S87 1990 
100 1 |a Stuart, Bruce S. ,   |e author 
245 1 0 |a Top business schools :   |b the ultimate guide   |c Bruce S. Stuart, Kim D. Stuart 
260 2 |a New York :   |b Prentice Hall ,   |c 1990 
300 |a xxiv, 303 p. ;   |c 24 cm. 
650 0 |a Business schools   |z United States   |v Handbooks, manuals, etc. 
650 0 |a Management   |x Study and teaching (Graduate)   |z United States   |v Handbooks, manuals, etc. 
700 1 |a Stuart, Kim D. ,   |e author 
999 |a 1000033177   |b Book   |c Reference   |e Gong Badak Campus 
999 |a 1000033178   |b Book   |c Reference   |e Gong Badak Campus